[Event "Corus Wijk aan Zee"]
[Site " Wijk aan Zee"]
[Date "2007.01.20"]
[Round "7"]
[White "GM Shirov, , Alexei (ESP)"]
[Black "GM Motylev, Alexander(RUS)"]
[Result "1/2-1/2"]
[WhiteElo "2715"]
[BlackElo "2647"]
[Annotator "Âàñèëèé Ëåáåäåâ"]
[PlyCount "81"]
[EventDate "2007.01.??"]
[EventType "tourn"]
[EventCountry "NED"]
[EventCategory "19"]
[Source "CrestBook.com"]

{Òîïàëîâ íà÷èíàåò ïîãîíþ    Êàçàëîñü áû òîëüêî â÷åðà áûëà æåðåáü,âêà, íî
âîò óæå, êàê-òî íåçàìåòíî, òóðíèð ïåðåâàëèë ÷åðåç ýêâàòîð! Ó÷àñòíèêàì
îñòàëîñü ñûãðàòü âñåãî 6 ïàðòèé. Ëèäåð ïîêà ïðåæíèé - Ðàäæàáîâ, êîòîðûé â 7-ì
òóðå óñòîÿë â ñâî,ì ëþáèìîì «÷åëÿáèíñêîì» âàðèàíòå ïðîòèâ Àíàíäà. Õîòÿ,
ïîðîé êàçàëîñü, ÷òî èíäèéñêèé ìàã è âîëøåáíèê âîò-âîò îòïðàçäíóåò ïîáåäó.   
Àíàíä íå ìîã îñòàíîâèòü ëèäåðà, íî â ïîãîíþ áðîñèëñÿ Òîïàëîâ, îáûãðàâøèé ÷,
ðíûìè Ðóñëàíà Ïîíîìàð,âà. Òåïåðü îò Òåéìóðà åãî îòäåëÿåò âñåãî íè÷åãî. 
Óâåðåííî âûèãðàë ÷¸ðíûìè ó Êàðëñåíà Ñâèäëåð, à Íàâàðà ïåðåêàòàë â çàòÿæíîì
«ëàäåéíèêå» âàí Âåëè.  Íå îáîøëîñü áåç ïàðî÷êè äåæóðíûõ íè÷üèõ, èç òåõ
êîòîðûì îêîëî 20. Íåäîëãî «ìó÷èëè» äðóã äðóãà Òèâÿêîâ ñ Êàðÿêèíûì è Àðîíÿí
ñ Êðàìíèêîì.  Âûøåë èç êðóòîãî ïèêå Àëåêñåé Øèðîâ, ñûãðàâøèé âíè÷üþ ñ Ìîòûë,
âûì. Ñ ýòîé ïàðòèè è íà÷í,ì îáçîð.} 1. e4 e5 2. Nf3 Nf6 3. Nxe5 d6 4. Nf3 Nxe4
5. Nc3 {«Øèðîâ èãðàåò âàðèàíò Øèðîâà â ðóññêîé ïàðòèè!», - âîñêëèêíóë â
îíëàéíå Ñåðãåé Øèïîâ, îòâë,êøèñü íà ñåêóíäî÷êó îò ñõâàòêè ëèäåðîâ.} Nxc3 6.
dxc3 {À ÿ (ïðî ñåáÿ) íàçûâàþò ýòîò ðàçâåòâëåíèå ðóññêîé ïàðòèè «âàðèàíò
Êåíòàâðà»! Èáî ðàñïîëîæåíèå áåëûõ ïåøåê íà ôåðçåâîì ôëàíãå îò÷åãî-òî óæàñíî
íàïîìèíàåò ìíå ýòîò ìèôîëîãè÷åñêèé ïåðñîíàæ.} Be7 7. Bf4 O-O 8. Qd2 Nd7 9.
O-O-O Nc5 10. Be3 Re8 11. Bc4 Be6 12. Bxe6 Nxe6 13. h4 Qd7 14. Qd5 $146 ({
Ðàíüøå èãðàëè} 14. Qd3 {
.  È Ï,òð Ñâèäëåð ñìîã íà ïðîøëîì Ëèíàðåñå âûèãðàòü ïîñëå} Qa4 15. Ng5 Nf8 16.
Qd5 Bxg5 17. hxg5 Qe4 18. c4 Qxd5 19. cxd5 Nd7 20. Rd3 f6 21. Rc3 Rac8 22. Rh4
Re7 23. Rhc4 Nb6 24. Bxb6 axb6 25. gxf6 gxf6 {ýòîò ÷åòûð,õëàäåéíûé ýíäøïèëü...}
26. a4 Kf8 27. Kd2 Rg7 28. g3 Ke8 29. Rf3 Rg6 30. Rh4 h6 31. Re4+ Kd7 32. Re6
Rf8 33. c4 h5 34. Rf5 Rg4 35. b3 h4 36. gxh4 Rxh4 37. Rfxf6 Rxf6 38. Rxf6 Ke7
39. Re6+ Kf7 40. Re3 Rh1 41. Rf3+ Ke7 42. Ke3 Re1+ 43. Kf4 Kf6 44. Rh3 Re2 45.
Rh7 Rxf2+ 46. Ke3 Rb2 47. Rxc7 Rxb3+ 48. Kd4 Rb4 49. Rd7 Rxa4 50. Rxd6+ Ke7 51.
Rxb6 Ra7 52. c5 Kd8 53. Ke5 Kc7 54. Rh6 Ra5 55. Rh7+ Kb8 56. Rh8+ Ka7 57. d6
Rxc5+ 58. Ke6 Rc6 59. Ke7 {1-0 Svidler,P (2765)-Bacrot,E (2717)/Morelia/
Linares MEX/ESP 2006/The Week in Chess 590}) ({Â ïàðòèè ïåðâîãî òóðà ñ Ñåðãåé
Êàðÿêèíûì ÷åìïèîí ìèðà Âëàäèìèð Êðàìíèê ëåãêî óðàâíÿë ïîñëå} 14. Qd3 Qc6 15.
Qf5 Qc4 $146 (15... Nf8 16. Nd4 Qc4 17. Kb1 Bf6 18. Qf3 Nd7 19. g4 Bxd4 20.
Rxd4 Qc6 21. Qxc6 bxc6 22. g5 c5 23. Rf4 Re5 24. Kc1 Nb6 25. Re1 Rae8 26. Kd1
R8e6 27. Bd2 f6 28. Rg1 Kf7 29. h5 c4 30. g6+ hxg6 31. hxg6+ Kg8 32. Be3 Nd5
33. Rh4 Nxe3+ 34. fxe3 Re4 35. Rgh1 Rxh4 36. Rxh4 d5 37. Rd4 c6 38. Ke2 f5 39.
b3 Rxg6 40. bxc4 dxc4 41. Rxc4 Re6 42. Kf3 Kf7 43. Ra4 Re7 44. Rc4 Rc7 45. e4
fxe4+ 46. Kxe4 Kf6 47. Rc5 {1/2-1/2 Naiditsch,A (2657)-Bacrot,E (2717)/
Montpellier FRA 2006/The Week in Chess 596}) 16. Ng5 Bxg5 17. hxg5 Nf8 18. Kb1
Re5 19. Qd3 Qxd3 20. cxd3 Rae8 {è ò.ä.} 21. Rh3 b6 22. Kc2 R5e6 23. Rdh1 f6 24.
gxf6 Rxf6 25. d4 d5 26. Kd3 h6 27. Rh5 c6 28. b3 Rg6 29. Rg1 Nd7 30. g4 Nf6 31.
Rh4 Ne4 32. Rh5 Nf6 33. Rh4 {
1/2-1/2 Karjakin,S (2678)-Kramnik,V (2766)/Wijk aan Zee NED 2007}) 14... Qa4
15. Ng5 Qc6 16. c4 ({Ïîñëå} 16. Qf5 {ïîëó÷àëàñü öåëàÿ «ðîññûïü» ó÷åáíûõ
ïðèìåðîâ äëÿ òðåòüåðàçðÿäíèêîâ, íà òåìó «Êàê íå íàäî èãðàòü â çàùèòå»:} Bxg5
({«Íå íàäî-1»:} 16... Nxg5 $2 17. hxg5 g6 18. Qh3) 17. hxg5 Nf8 ({
«Íå íàäî-2»:} 17... g6 18. Qh3 Nf8 19. Bd4) 18. Qh3 Re4 $1 {
ß äóìàþ çäåñü ó áåëûõ ÷óòü-÷óòü ïîëó÷øå.}) ({
Åñòü åù¸ èäåÿ. À ÷òî, åñëè ñáèòü ÷¸ðíûå ïåøêè â êó÷êó? Âîò òàê} 16. Qxc6
bxc6 17. Nxe6 fxe6 {, ïîñëå ÷åãî ïîïûòàòüñÿ íà íèõ íåìíîãî ïîíàïàäàòü?} 18.
Rd4 $1 {È ïîñëå 18...c5 19.Ra4! (19.Rc4 d5 20.Ra4 e5!) ó áåëûõ, ïî êðàéíåé
ìåðå, åñòü èäåÿ (b4).} c5 ({ïëîõî} 18... d5 $2 19. Ra4 c5 20. Ra5) 19. Ra4 $1 {
ó áåëûõ, ïî êðàéíåé ìåðå, åñòü èäåÿ (b4).} (19. Rc4 d5 20. Ra4 e5 $1)) 16...
Qxd5 17. cxd5 Nxg5 18. hxg5 f6 19. gxf6 Bxf6 20. c4 Re4 21. b3 Rae8 22. Kc2 ({
Îò ñêóêè âî âðåìÿ òðàíñëÿöèè ðàçâëåêàþñü ñ÷,òîì «âàðèàíòîâ»:} 22. Bxa7 $4
b6 $19) 22... h6 23. Kd3 Bg5 24. Bxg5 hxg5 25. Rh5 Rf4 $1 ({
ßêîáû áîëåå ñèëüíîå (ïî «êîìïó») ìîæåò ïëîõî çàêîí÷èòüñÿ:} 25... Re2 26. Rd2
R2e5 27. Rh3 Kf7 (27... Re1 $6 28. Re3 R8xe3+ 29. fxe3 {
, è ó áåëûõ ôàêòè÷åñêè ëèøíÿÿ ïåøêà}) 28. Re3 {È ÷òî-òî ïîçèöèÿ ÷¸ðíûõ íå
î÷åíü ìíå íðàâèòñÿ...  Íî ýòî âñ¸ àáñîëþòíî íåíóæíûå, «ïåðâîðàçðÿäíûå»
ïîäðîáíîñòè.}) 26. f3 Rf5 27. Rdh1 Kf7 28. Rh8 Rfe5 29. Rxe8 Rxe8 30. g4 {
Âîò òóò âîïðîñ ðîáêèé âîçíèê ó âàøåãî êîììåíòàòîðà.} ({Ìîæåò} 30. b4 {
áûëî ïîëó÷øå? Âåäü òåïåðü ÷¸ðíûì íå àêòèâèçèðîâàòüñÿ:} a5 31. bxa5 Ra8 32.
Rb1 Rxa5 33. Rxb7 {è ëàäüÿ Øèðîâà ÿâíî âïåðåäè â ñîðåâíîâàíèè «ïîæèðàòåëüíèö
âðàæåñêèõ ïåøåê». À ýòî çíà÷èò, ÷òî áåëûå ïî êðàéíåé ìåðå, ìîãóò íàäâèíóòü
ñâîè ïåøêè íà ôåðçåâîì ôëàíãå.}) 30... a5 {
«Øèðîâ íå ñìîæåò âûèãðàòü». (Ñ. Øèïîâ).} 31. a3 b6 32. Ra1 {
Åäèíñòâåííàÿ èäåÿ.} Kf6 33. b4 Ra8 34. Kc3 axb4+ 35. Kxb4 g6 36. Re1 ({Ïîñëå} 
36. Kb5 Ra5+ {íàäî âîçâðàùàòüñÿ âîñâîÿñè - 37.Kb4.} 37. Kb4) 36... Kf7 {
Ïðèêðûâàÿ ïîëå å8, âåäü ÷¸ðíàÿ ëàäüÿ äîëæíà èäòè íà 5-þ ãîðèçîíòàëü.} 37. a4
Ra5 38. Re4 Rc5 39. Re3 {Êîíòðîëü áëèçîê, èãðàåì êðåïêî.} ({
Âåðîÿòíî, ìîæíî áûëî ñûãðàòü} 39. f4 {- «ïî÷òè» «öóãöâàíã». È ÷¸ðíûì â
óñëîâèÿõ íåäîñòàòêà âðåìåíè, êîãäà ìåðåùàòñÿ âñÿêèå íåñóùåñòâóþùèå óæàñû,
íàäî áûëî áûñòðåíüêî íàéòè} gxf4 40. Rxf4+ Kg7 41. g5 Ra5 {è, ïðàâèëüíî
ðàñïðåäåëèâ çàùèòíûå ôóíêöèè, îíè óâåðåííî îòáèâàëèñü. Íèêàêèõ ïîçèòèâíûõ èäåé
ó áåëûõ òóò íåò.}) {Êàê è ïðè ïðîäîëæåíèè â ïàðòèè -} 39... Ra5 40. Re2 Rc5 41.
Re4 {Ïåðâàÿ íè÷üÿ Àëåêñåÿ Øèðîâà ïîñëå ïÿòè ïîðàæåíèé ïîäðÿä...} 1/2-1/2

[Event "Corus Wijk aan Zee"]
[Site " Wijk aan Zee"]
[Date "2007.01.20"]
[Round "7"]
[White "GM Tiviakov, Sergey (NED)"]
[Black "GM Karjakin, Sergey (UKR)"]
[Result "1/2-1/2"]
[WhiteElo "2667"]
[BlackElo "2678"]
[Annotator "Ðîìàí Äîáðîíîâñêèé "]
[PlyCount "41"]
[EventDate "2007.01.??"]
[EventType "tourn"]
[EventCountry "NED"]
[EventCategory "19"]
[Source "CrestBook.com"]

1. e4 c5 2. c3 {Ñåðãåé Òèâÿêîâ - îäèí èç íåìíîãèõ ãðîññìåéñòåðîâ ðåãóëÿðíî è ñ
õîðîøèìè ðåçóëüòàòàìè, èãðàþùèõ òàê.} Nf6 ({Õîä} 2... d5 $5 {íè÷åì íå õóæå,
íî ìíîãèõ «÷åðíîöâåò÷èêîâ» ñòàë ñìóùàòü â ïîñëåäíåå âðåìÿ âàðèàíò} 3. exd5
Qxd5 4. d4 Nf6 5. Nf3 e6 6. Na3 $5 {Â äàëüíåéøåì (â áîëüøèíñòâå ñëó÷àåâ) èãðà
ïåðåõîäèò â îáû÷íîå äëÿ äàííîé ñèñòåìû îêîí÷àíèå ñ ïåøå÷íûì ïåðåâåñîì ó
áåëûõ íà ôåðçåâîì ôëàíãå (ïîñëå ðàçìåíà dc), äîâîëüíî «íåâêóñíîå» äëÿ
ðàçûãðûâàíèÿ ÷¸ðíûìè.}) 3. e5 Nd5 4. Nf3 {Â ïðèíöèïå, áîëåå-ìåíåå ÷,òêîå
óðàâíåíèå çà ÷¸ðíûõ â âàðèàíòàõ ñ ðàííèì d2-d4 (íà 4-ì èëè 5-ì õîäó) áûëî
íàéäåíî åù¸ â êîíöå 80-õ ãîäîâ, è ïîêëîííèêè âàðèàíòà ñòàëè ïðîáîâàòü ðàçíûå
«ôîêóñû» â ïîèñêàõ ïåðåâåñà.} ({Òàê, íà ïîñëåäíåì ÷åìïèîíàòå Íèäåðëàíäîâ
Òèâÿêîâ îäåðæàë äâå ïðåêðàñíûå ïîáåäû íàä Ñòåëëâàãåíîì è Òèììàíîì â ìîäíîé
âåòêå} 4. Bc4 Nb6 5. Bb3 c4 6. Bc2 Nc6 7. Nf3 Qc7 8. Qe2 g5 $1 {Îáúåêòèâíî ó
áåëûõ íåò ïåðåâåñà è çäåñü, íî âîçíèêàþò íåñòàíäàðòíûå ïîçèöèè, òðåáóþùèå
ñåðü¸çíîé äîìàøíåé ïîäãîòîâêè, êîòîðîé áîëüøèíñòâî íàñòîÿùèõ «ñèöèëèàíöåâ»
áðåçãóåò â îòíîøåíèè õîäà 2.ñ3.} 9. h3 (9. e6 dxe6 10. Nxg5 Qe5 11. d4 cxd3 12.
Bxd3 Qxe2+ 13. Bxe2 h6 14. Ne4 e5 15. Ng3 e6 16. O-O f5 17. Nd2 Bd7 18. Nc4
Nxc4 19. Bxc4 h5 20. Rd1 h4 21. Nf1 Rd8 22. Be3 Be7 23. f3 Kf7 24. Bf2 Na5 25.
Be2 b6 26. b4 Nb7 27. a4 Bc8 28. Ne3 Rxd1+ 29. Bxd1 Nd6 30. a5 Bb7 31. c4 Rc8
32. Be2 Ke8 33. axb6 axb6 34. Ra7 Ra8 35. Rxa8+ Bxa8 36. c5 bxc5 37. bxc5 Nf7
38. Bb5+ Kd8 39. Nc4 Bd5 40. c6 Bxc4 41. Bb6+ {1-0 Tiviakov,S (2669)
-Stellwagen,D (2543)/Hilversum NED 2006/The Week in Chess 606}) 9... Bg7 10.
O-O Nxe5 11. Nxg5 d5 12. a4 h6 13. Nf3 Nbd7 14. Re1 Bf6 15. d4 cxd3 16. Bxd3
Nxd3 17. Qxd3 Nc5 18. Qxd5 Be6 19. Qh5 Rd8 20. Nd4 Bxd4 21. cxd4 Nb3 22. Nc3
Nxa1 23. Rxe6 Nb3 24. Be3 Nxd4 25. Re4 Nc6 26. b4 Rd3 27. Nd5 Qd6 28. Nf4 Rxe3
29. fxe3 Nd8 30. Nd5 e6 31. Nf6+ Kf8 32. Rd4 Qc7 33. Rd7 Qc1+ 34. Kh2 Kg7 35.
Qe5 {
1-0 Tiviakov,S (2669)-Timman,J (2616)/Hilversum NED 2006/The Week in Chess 608}
) 4... Nc6 5. d4 cxd4 6. cxd4 d6 7. Bc4 Nb6 8. Bb5 dxe5 9. Nxe5 Bd7 10. Nxd7
Qxd7 11. Nc3 e6 12. O-O Rd8 $5 {
Çàìàíèâàÿ áåëîãî ñëîíà íà å3. Çà÷åì? ×òîáû îí íå âñòàë íà... h6!} ({
×àùå âñòðå÷àëîñü áåñõèòðîñòíîå} 12... Be7 13. Qg4 O-O {
, è òóò ñàìîå âðåìÿ âñïîìíèòü ïðî ñëîíà -} 14. Bxc6 ({ëèáî} 14. Rd1 Rfd8 15.
Bh6) 14... bxc6 15. Bh6 {ñî ñëîæíîé èãðîé â îáîèõ ñëó÷àÿõ.}) 13. Be3 {
Ãäå-òî çäåñü óõîäÿò â íåáûòèå ïîñëåäíèå õðóïêèå øàíñû áåëûõ íà ïîëó÷åíèå
ïåðåâåñà.} ({Äëÿ îñîáåííî ëþáîïûòíûõ óïîìÿíó î âîçìîæíîñòè îòäàòü ïåøêó -} 13.
Qg4 $5 {Íà ýòó òåìó ñûãðàíî íåñêîëüêî ïàðòèé, â êîòîðûõ áåëûå îáû÷íî íè÷åãî
íå ïîëó÷àëè ïîñëå ñìåëîãî} Qxd4 $1 {Ïðåèìóùåñòâî â ðàçâèòèè ñêîðåå âñåãî
ïîçâîëèò èì îòûãðàòü íåäîñòàþùèé ìàòåðèàë, íî íå áîëåå òîãî.}) ({
Â ýòîì ñìûñëå ìîæíî ïîðåêîìåíäîâàòü ðåäêèé õîä} 13. a4 $5 {
- çäåñü ïåøêó áèòü îïàñíî è åñòü íåêîòîðûé ïðîñòîð äëÿ èññëåäîâàíèé....}) 13...
Be7 14. Qg4 O-O {Äàâíî èçâåñòíàÿ ðàâíàÿ ïîçèöèÿ: áåëûå èìåþò òàê íàçûâàåìîå
ïðåèìóùåñòâî äâóõ ñëîíîâ è íåáîëüøîå ïðåèìóùåñòâî â ïðîñòðàíñòâå, íî ïîçèöèÿ
÷¸ðíûõ î÷åíü ïðî÷íà, âñå ôèãóðû ðàçâèòû è åñòü ÿñíàÿ êîíòðèãðà ïðîòèâ
èçîëèðîâàííîé ïåøêè d4.} 15. Rad1 g6 16. Rfe1 a6 17. Bd3 Bf6 {×¸ðíûå î÷åíü
ñåðü¸çíî íàäàâèëè íà áåëûé èçîëÿòîð, êîòîðûé, ê ñëîâó, óæå è íå çàùèòèøü
íîðìàëüíûì ïóò¸ì è Ñåðãåé íå ìóäðñòâóÿ ëóêàâî óïðîùàåò ïîçèöèþ, ÷òîáû
ïîïðîñòó íå îñòàòüñÿ áåç ïåøêè.} 18. Be4 $1 {
Ýíåðãè÷íûé «ñîñêîê». Ãðîçèò 19. d5!} ({Ìíå æàëü ðàññòàâàòüñÿ ñ ÷èòàòåëåì
òàê áûñòðî, ïîýòîìó ïîêàæó êîå-÷òî «èç çàêóëèñüÿ» -} 18. Ne4 $5 Bxd4 $1 19.
Bxd4 $6 ({ëó÷øå} 19. Qh4 {ñ êîìïåíñàöèåé.}) 19... Qxd4 20. Bxa6 Qg7 $1 {
(ñ óãðîçîé f7-f5, òî åñòü ôàêòè÷åñêè ó áåëûõ ïîä áîåì äâå ôèãóðû!)} 21. Qg3
bxa6 22. Qc7 Rxd1 23. Rxd1 Qxb2 24. Qxc6 Rc8 {
ñî çäîðîâîé ëèøíåé ïåøêîé ó ÷¸ðíûõ.}) 18... Nxd4 $5 {Íå áîÿñü ïðèçðàêîâ,
Êàðÿêèí èä,ò íà ôîðñèðîâàííûé âàðèàíò, âåäóùèé â èòîãå ê áîëüøèì óïðîùåíèÿì.
Ïîïûòêè ïîèãðàòü íà ïåðåâåñ áûëè íåîïðàâäàííû - âåäü, â êîíöå êîíöîâ âñÿ
êîíòðèãðà ÷¸ðíûõ âåðòåëàñü âîêðóã «èçîëÿòîðà», òàê ïî÷åìó áû åãî íå
õëîïíóòü?} 19. Bxb7 Qxb7 20. Bxd4 Bxd4 21. Rxd4 {Íåñìîòðÿ íà âñþ ìîþ
íåëþáîâü ê êîðîòêèì íè÷üèì, âûíóæäåí ïðèçíàòü çàêîíîìåðíîñòü çàêëþ÷åíèÿ
ìèðà â ýòîé ïîçèöèè.} ({Ìîãëî  (ïîñëå} 21. Rxd4 {) ïîñëåäîâàòü åù¸} Nd5 22.
Nxd5 Rxd5 23. Qf3 Rfd8 24. Rxd5 Rxd5 {. Åñëè âû áîëüøîé ôàíàò øàõìàò, òî
ìîæåòå åù¸ ïîèãðàòü, îñîáåííî ÷¸ðíûìè, íî âîò âûèãðàòü òàêóþ ïîçèöèþ ó
ñîïåðíèêà-ãðîññìåéñòåðà ìîæíî, òîëüêî çàïëàòèâ åìó ïðåäâàðèòåëüíî áîëüøèå è
çåë,íûå äåíüãè...}) 1/2-1/2